Evaluación de los efectos de la actualización del Codigo Sísmico de Costa Rica en el diseño de un edificio en mampostería
Gorde:
| Egile nagusia: | |
|---|---|
| Formatua: | Liburua |
| Argitaratua: |
[San José, Costa Rica]
2004
|
| Gaiak: | |
| Etiketak: |
Etiketa erantsi
Etiketarik gabe, Izan zaitez lehena erregistro honi etiketa jartzen!
|
MARC
| LEADER | 00000nam a2200000Ia 4500 | ||
|---|---|---|---|
| 003 | 009389 | ||
| 005 | 20221231144136.0 | ||
| 008 | 140114s2004 cr a m 000 ||s d | ||
| 040 | |c cru CEDI | ||
| 090 | |a TFG 4928 | ||
| 100 | |a Roldán Santamaría, Esteban |9 6345 | ||
| 245 | |a Evaluación de los efectos de la actualización del Codigo Sísmico de Costa Rica en el diseño de un edificio en mampostería | ||
| 260 | |c 2004 |a [San José, Costa Rica] | ||
| 300 | |a x, 187 hojas : ilustraciones a color | ||
| 500 | |a Proyecto de graduación (licenciatura en ingeniería civil)--Universidad de Costa Rica. Escuela de Ingeniería Civil | ||
| 650 | |x CODIGO SISMICO |x COSTA RICA |x EDIFICIOS |x DISEÑO Y CONSTRUCCION |x CONSTRUCCIONES ANTISISMICAS |x RESISTENCIA A LOS TERREMOTOS |x MAMPOSTERIA |x ANALISIS ESTRUCTURAL (INGENIERIA) |x DISEÑO DE ESTRUCTURAS |9 6346 | ||
| 942 | |c TFG | ||
| 999 | |c 17491 |d 17491 | ||
